01432cam a22002657a 450000100060000000300080000600500170001400800410003103500190007204000230009104100080011408200280012211000390015024503830018925000210057226000570059330000210065049000820067150000170075350000840077052001280085460000690098271000390105183000760109084833BD-RjUL20250420130027.0240420s1944 ii b 000 0 urd  a(BD-RjUL)84833 aDLCcDLCdDLCbeng aurd 223a891.34914bIQB 1944 aAnjuman Taraqqī-yi Urdū (Hind)00aاقبال، علامہ سر محمد اقبال کى زندگى، ان کى شاعرى، اور فلسفے پرسیر حاصل محققانہ مضامين کا مجموعہ / Iqbāl, ʻAllāmah Sar Muḥammad Iqbāl kī zindagī, un kī shāʻirī, aur falsafe par sair ḥāṣil muḥaqqiqānah maz̤āmīn kā majmūʻah / hAnjuman Taraqqī-yi Urdū (Hind)  a2. aiḍīshan. aDihlī :bAnjuman Taraqqī-yi Urdū, Hind,c1944. a374 p. ;c23 cm.1 aSilsilah-yi mat̤būʻāt-i Anjuman Taraqqī-yi Urdū, Hind ;vnambar 131 aCover title. a"Tabʻ jadīd ʻIqbāl nambarʼ Risālah-yi Urdū, bābat Aktūbar 1938." aCollection of articles on Sir Muhammad Iqbal, 1877-1938, Urdu poet; special number of Urdu periodicals Risālah-yi Urdū.10aIqbal, Muhammad,cSir,d1877-1938xCriticism and interpretation.2 aAnjuman Taraqqī-yi Urdū (Hind) 0aSilsilah-yi mat̤būʻāt-i Anjuman Taraqqī-yi Urdū, Hind ;v131.